An introduction to advanced complex calculus

Αποθηκεύτηκε σε:
Λεπτομέρειες βιβλιογραφικής εγγραφής
Κύριος συγγραφέας: Miller, Kenneth S.
Μορφή: Βιβλίο
Γλώσσα:English
Δημοσίευση: New York : Dover Publications, 1970.
Θέματα:
Ετικέτες: Προσθήκη ετικέτας
Δεν υπάρχουν, Καταχωρήστε ετικέτα πρώτοι!

MARC

LEADER 00000cam a2200000 i 4500
001 1/102309
008 090309s1970 nyu| ||| |||| ||eng||
020 |a 048662661  
035 |l 10103613 
040 |a GR-MyUA  |b gre  |e AACR2 
041 1 |a eng  |h eng 
082 0 |a 515.9   |2 (22) 
100 1 |a Miller, Kenneth S. 
245 1 3 |a An introduction to advanced complex calculus /   |c by Kenneth S. Miller.  
260 |a New York :   |b Dover Publications,   |c 1970.  
300 |a viii, 240 σ. :   |b εικ. ;   |c 22 εκ. 
500 |a 1960 ed. published under title: Advanced complex calculus.  
500 |a Τίτλος πρωτοτύπου: Advanced complex calculus.  
504 |a Βιβλιογραφία: σ. 235. Ευρετήριο.  
650 0 0 |a Functions of complex variables. 
650 0 0 |a Calculus. 
852 |a INST  |b SAMOS  |c MAG  |e 20090309  |h 515.9 MIL  |p 005300029189  |q 005300029189  |t BK  |y 0 
901 |a BIBL3-2009-1 
909 |a Σ  |b 155780 
970 |a ΣΙΤΖΙΜΗ  |b ΓΙΑΣΕΜΗ  |z 2009/03/09